[Event "TOP 16 Lower pool"]
[Site "BELFORT"]
[Date "????.??.??"]
[Round "8.4"]
[White "Benitah, Yohan"]
[Black "Pigeat, Alexandre"]
[Result "1-0"]
[WhiteElo "2333"]
[BlackElo "2303"]
[PlyCount "123"]
[EventDate "2025.05.??"]
[WhiteTeam "LYON"]
[BlackTeam "BISCHWILLER"]
[WhiteTeamCountry "FRA"]
[BlackTeamCountry "FRA"]

1. d4 e6 2. c4 d5 3. Nf3 c6 4. g3 Nd7 5. Bg2 Bd6 6. O-O a5 7. Qc2 Ne7 8. e4
dxe4 9. Qxe4 Nf6 10. Qe2 O-O 11. Nc3 Ng6 12. Bg5 Be7 13. h4 Re8 14. Rad1 h6 15.
Bc1 a4 16. a3 Qa5 17. Ne5 Nf8 18. c5 N8d7 19. Nc4 Qa6 20. Rfe1 b5 21. cxb6 Bb7
22. Ne5 Qxb6 23. Qc2 Qa6 24. Bf1 Qa7 25. Be3 c5 26. Nxd7 Nxd7 27. d5 exd5 28.
Nxd5 Bf8 29. Bg2 Ne5 30. Bf4 Nc6 31. Rxe8 Rxe8 32. Be3 Ne5 33. Bf4 Nc6 34. Nc3
Nd4 35. Qxa4 Ne2+ 36. Kh2 Qxa4 37. Nxa4 Bxg2 38. Kxg2 Nxf4+ 39. gxf4 f5 40. Kf3
Ra8 41. Nb6 Rb8 42. Nc4 h5 43. Re1 Kf7 44. Re3 Rb7 45. a4 Ra7 46. a5 Ra6 47.
Rb3 Be7 48. Rb6 Ra8 49. Ne5+ Ke8 50. a6 Bxh4 51. a7 Rxa7 52. Rb8+ Bd8 53. Rxd8+
Kxd8 54. Nc6+ Kd7 55. Nxa7 g6 56. b3 Kd6 57. Nc8+ Kd7 58. Nb6+ Kc6 59. Nc4 Kd5
60. Ne5 g5 61. fxg5 Kxe5 62. Kg3 1-0

[Event "TOP 16 Lower pool"]
[Site "BELFORT"]
[Date "????.??.??"]
[Round "9.4"]
[White "Ernst, Luca"]
[Black "Bailet, Pierre"]
[Result "0-1"]
[WhiteElo "2222"]
[BlackElo "2472"]
[PlyCount "80"]
[EventDate "2025.05.??"]
[WhiteTeam "BISCHWILLER"]
[BlackTeam "METZ"]
[WhiteTeamCountry "FRA"]
[BlackTeamCountry "FRA"]

1. e4 c5 2. Nf3 d6 3. Bb5+ Nd7 4. a4 Ngf6 5. Nc3 g6 6. a5 a6 7. Bc4 h6 8. d3
Bg7 9. Bd2 Ng4 10. Qc1 Nge5 11. Nxe5 Nxe5 12. Bb3 e6 13. Na4 Rb8 14. Nb6 Bd7
15. O-O Bb5 16. Ba4 Nd7 17. Nc4 Qe7 18. Bf4 e5 19. Bd2 h5 20. Bxb5 axb5 21. Ne3
Nf6 22. c4 b4 23. Qd1 O-O 24. a6 Ra8 25. a7 Rfc8 26. f4 exf4 27. Rxf4 b6 28.
Qf3 Qe5 29. Rf1 Qxb2 30. Bc1 Qc3 31. Qf2 Rxa7 32. Bb2 Nxe4 33. Bxc3 Nxf2 34.
Bxg7 Nxd3 35. Bh6 Nxf4 36. Bxf4 Rca8 37. Bxd6 Ra1 38. Be5 Rxf1+ 39. Nxf1 Ra2
40. Ne3 Re2 0-1

[Event "TOP 16 Lower pool"]
[Site "BELFORT"]
[Date "????.??.??"]
[Round "10.8"]
[White "Andriasyan, Siranush"]
[Black "Decuigniere, Tom"]
[Result "0-1"]
[WhiteElo "2192"]
[BlackElo "2366"]
[PlyCount "78"]
[EventDate "2025.05.??"]
[WhiteTeam "METZ"]
[BlackTeam "VANDOEUVRE"]
[WhiteTeamCountry "FRA"]
[BlackTeamCountry "FRA"]

1. e4 c5 2. Nf3 d6 3. Bb5+ Nd7 4. c3 Ngf6 5. Qe2 a6 6. Ba4 e5 7. O-O Be7 8. d4
b5 9. Bc2 O-O 10. Rd1 Qc7 11. dxe5 dxe5 12. Nbd2 c4 13. Nf1 Bb7 14. Ng3 Nc5 15.
b4 cxb3 16. axb3 Ne6 17. Nf5 Bc5 18. h3 Rfd8 19. Bg5 Nxg5 20. Nxg5 h6 21. Nf3
Bf8 22. Qe3 Rxd1+ 23. Rxd1 Rc8 24. Ne1 Qxc3 25. Qxc3 Rxc3 26. Rd8 Rc7 27. f3 g6
28. Nd6 Bc6 29. f4 Rd7 30. Rc8 Rxd6 31. fxe5 Re6 32. exf6 Rxf6 33. e5 Re6 34.
Nd3 Bb7 35. Rb8 Be4 36. Kf2 Kg7 37. Ke3 Bxg2 38. h4 Bd6 39. Rb6 Bc5+ 0-1